La modernidad y lo moderno: pintura francesa en el siglo XIX

Guardat en:
Dades bibliogràfiques
Autors principals: Frascina, Francis (autor), Blake, Nigel (Autor), Fer, Briony (Autor), Garb, Tamar (Autor)
Altres autors: Harrison, Charles (autor)
Format: Llibre
Idioma:espanyol
Publicat: Madrid Akal 1998
Col·lecció:Akal Arte Contemporáneo, 1
Matèries:
Etiquetes: Afegir etiqueta
Sense etiquetes, Sigues el primer a etiquetar aquest registre!

MARC

LEADER 00000cam a2200000 a 4500
001 UCF0418
003 CL-VaPUC
008 120517e19980000SP |||||||||||||||||spa|d
020 |a 8446008564 
082 0 4 |a 709.034  |b FRA  |2 21 
100 |a Frascina, Francis  |e autor  |9 562232 
700 0 |a Blake, Nigel  |e author  |9 562233 
700 0 |a Fer, Briony  |e author  |9 562234 
700 0 |a Garb, Tamar  |e author  |9 562235 
700 |a Harrison, Charles  |e autor  |9 574683 
245 1 3 |a La modernidad y lo moderno: pintura francesa en el siglo XIX 
300 |a 301 p 
942 |c BK 
945 |d 20120517 00:00:00  |a dcastane 
260 |a Madrid  |b Akal  |c 1998 
650 7 |a IMPRESIONISMO  |2 CL-VaPUC  |9 324638 
650 0 |a Obras ilustradas  |9 265022 
650 0 |a Pintura francesa Siglo 19  |9 333460 
650 0 |a Crítica e interpretación   |9 255042 
583 |a last modification  |c 20121105 12:46:55  |k Rodrigo Vera 
490 0 |a Akal Arte Contemporáneo, 1 
999 |c 347748  |d 347746 
952 |0 0  |1 0  |4 0  |6 709_034000000000000_FRA_1998  |7 0  |8 A  |9 449331  |a BIBHIS  |b BIBHIS  |d 2019-11-22  |i 4868730  |l 3  |o 709.034 FRA 1998  |p 4868730  |r 2025-01-20  |s 2024-06-19  |w 2019-11-22  |y BK  |k HIS 
952 |0 0  |1 0  |3 erb  |4 0  |6 709_034000000000000_FRA_1998  |7 0  |8 A  |9 449332  |a BIBART  |b BIBART  |i 5141486  |l 1  |o 709.034 FRA 1998  |p 5141486  |q 2025-07-31  |r 2025-05-07  |s 2025-05-07  |w 2019-11-22  |y BK  |z Catalogado en:20150319  |k ART